00581nam a2200133Ia 4500008004100000100003100041245006900072245015100141260005300292260001800345300000800363650001500371856006100386170221s9999 xx 000 0 und d aNelya Alekseevna Korbukova aStudent's Sport as Indicator of Cultural Development of Society  cNelya Alekseevna Korbukova, Evgenia Gennadyevna Podkopayeva, Svetlana Nikolaevna Lоktionova, Natalya Pavlovna Soltan, Irina Anatolyevna Budnikova bInternational Review of Management and Marketing cDecember 2012 a4:2 xMarketing. uhttp://www.econjournals.com/index.php/irmm/issue/view/75